00359nam a2200157Ia 4500008004100000041000800041100001000049245002500059260003900084300000800123365001300131500000900144520001900153650001000172999001900182230605s1997 xx 000 0 und d aeng aLewis aBonsal a care manual bChancellor press pub. c1997c1997 a128 b1110h20 a1646 aReference Copy aF. P. c418404d418404